Normal view
MARC view
Entry Personal Name
001 - CONTROL NUMBER
- control field: 42942
003 - CONTROL NUMBER IDENTIFIER
- control field: ARRUPE
005 - DATE AND TIME OF LATEST TRANSACTION
- control field: 20181015101457.0
008 - FIXED-LENGTH DATA ELEMENTS
- fixed length control field: 181015|| aca||aabn | a|a d
040 ## - CATALOGING SOURCE
- Original cataloging agency: ARRUPE
- Transcribing agency: ARRUPE
100 ## - HEADING--PERSONAL NAME
- Personal name: Barbera, Mario
670 ## - SOURCE DATA FOUND
- Source citation: Work cat.: (ARRUPE): Barbera, Mario, Meriggio D'etiopia:, 1924.